<?xml version="1.0" encoding="UTF-8"?>
<record
    xmlns:xsi="http://www.w3.org/2001/XMLSchema-instance"
    xsi:schemaLocation="http://www.loc.gov/MARC21/slim http://www.loc.gov/standards/marcxml/schema/MARC21slim.xsd"
    xmlns="http://www.loc.gov/MARC21/slim">

  <leader>01313nam a2200337 a 4500</leader>
  <controlfield tag="005">20240429113129.0</controlfield>
  <controlfield tag="008">100315s2012||||sp a   f |||| 001 0 spa d</controlfield>
  <datafield tag="020" ind1=" " ind2=" ">
    <subfield code="a">9788415419495</subfield>
  </datafield>
  <datafield tag="041" ind1=" " ind2=" ">
    <subfield code="a">spa</subfield>
  </datafield>
  <datafield tag="092" ind1=" " ind2=" ">
    <subfield code="c">616.025</subfield>
    <subfield code="l">8</subfield>
    <subfield code="s">BRA</subfield>
  </datafield>
  <datafield tag="100" ind1="1" ind2=" ">
    <subfield code="a">Braen, Richard G.</subfield>
    <subfield code="9">2527</subfield>
  </datafield>
  <datafield tag="245" ind1=" " ind2=" ">
    <subfield code="a">Manual de medicina de urgencias /</subfield>
    <subfield code="c">Richard G. Braen</subfield>
  </datafield>
  <datafield tag="250" ind1=" " ind2=" ">
    <subfield code="a">6a ed.</subfield>
    <subfield code="b">Traducci&#xF3;n Tom&#xE1;s P&#xE9;rez Pazos ; Revisi&#xF3;n cient&#xED;fica Sergi Quiroga G&#xF3;mez</subfield>
  </datafield>
  <datafield tag="260" ind1=" " ind2=" ">
    <subfield code="a">Barcelona: </subfield>
    <subfield code="b">Wolters Kluwer ; Lippincott Williams &amp; Wilkins;</subfield>
    <subfield code="c">2012.</subfield>
  </datafield>
  <datafield tag="300" ind1=" " ind2=" ">
    <subfield code="a">706 p.</subfield>
  </datafield>
  <datafield tag="500" ind1=" " ind2=" ">
    <subfield code="a">Braen, R. G. (2012). Manual de medicina de urgencias. (6a ed.). Barcelona : Wolters Kluwer ; Lippincott Williams &amp; Wilkins.</subfield>
  </datafield>
  <datafield tag="653" ind1=" " ind2=" ">
    <subfield code="a">Reanimaci&#xF3;n cardiopulmonar</subfield>
  </datafield>
  <datafield tag="653" ind1=" " ind2=" ">
    <subfield code="a">Traumatismos</subfield>
  </datafield>
  <datafield tag="653" ind1=" " ind2=" ">
    <subfield code="a">Trastornos del ojo, del o&#xED;do, de la nariz y de la garganta</subfield>
  </datafield>
  <datafield tag="653" ind1=" " ind2=" ">
    <subfield code="a">Trastornos respiratorios</subfield>
  </datafield>
  <datafield tag="653" ind1=" " ind2=" ">
    <subfield code="a">Trastornos cardiovasculares</subfield>
  </datafield>
  <datafield tag="653" ind1=" " ind2=" ">
    <subfield code="a">Trastornos gastrointestinales</subfield>
  </datafield>
  <datafield tag="653" ind1=" " ind2=" ">
    <subfield code="a">Trastornos genitourinarios y del embarazo</subfield>
  </datafield>
  <datafield tag="653" ind1=" " ind2=" ">
    <subfield code="a">Trastornos neurol&#xF3;gicos</subfield>
  </datafield>
  <datafield tag="653" ind1=" " ind2=" ">
    <subfield code="a">Trastornos osteomusculares y de los tejidos blandos</subfield>
  </datafield>
  <datafield tag="653" ind1=" " ind2=" ">
    <subfield code="a">Urgencias de origen ambiental</subfield>
  </datafield>
  <datafield tag="653" ind1=" " ind2=" ">
    <subfield code="a">Urgencias pediatricas espec&#xED;ficas</subfield>
  </datafield>
  <datafield tag="653" ind1=" " ind2=" ">
    <subfield code="a">Urgencias psiquiatricas</subfield>
  </datafield>
  <datafield tag="653" ind1=" " ind2=" ">
    <subfield code="a">Otras urgencias</subfield>
  </datafield>
  <datafield tag="942" ind1=" " ind2=" ">
    <subfield code="2">ddc</subfield>
    <subfield code="c">BK</subfield>
  </datafield>
  <datafield tag="999" ind1=" " ind2=" ">
    <subfield code="c">1587</subfield>
    <subfield code="d">1587</subfield>
  </datafield>
  <datafield tag="952" ind1=" " ind2=" ">
    <subfield code="0">0</subfield>
    <subfield code="1">0</subfield>
    <subfield code="2">ddc</subfield>
    <subfield code="4">0</subfield>
    <subfield code="7">0</subfield>
    <subfield code="8">REF</subfield>
    <subfield code="a">BFM</subfield>
    <subfield code="b">BFM</subfield>
    <subfield code="c">REF</subfield>
    <subfield code="d">2013-07-26</subfield>
    <subfield code="g">370.00</subfield>
    <subfield code="l">0</subfield>
    <subfield code="o">616.025 8 BRA</subfield>
    <subfield code="p">3046</subfield>
    <subfield code="r">2014-11-06</subfield>
    <subfield code="t">ej.1</subfield>
    <subfield code="w">2013-07-26</subfield>
    <subfield code="y">REF</subfield>
    <subfield code="z">LIBRO DE CONSULTA. COMPRA PROMED, 2DO A&#xD1;O. JULIO 2013</subfield>
  </datafield>
  <datafield tag="952" ind1=" " ind2=" ">
    <subfield code="0">0</subfield>
    <subfield code="1">0</subfield>
    <subfield code="2">ddc</subfield>
    <subfield code="4">0</subfield>
    <subfield code="7">0</subfield>
    <subfield code="a">BFM</subfield>
    <subfield code="b">BFM</subfield>
    <subfield code="c">CR</subfield>
    <subfield code="d">2013-07-26</subfield>
    <subfield code="g">370.00</subfield>
    <subfield code="l">8</subfield>
    <subfield code="m">3</subfield>
    <subfield code="o">616.025 8 BRA</subfield>
    <subfield code="p">3047</subfield>
    <subfield code="r">2018-11-21</subfield>
    <subfield code="s">2018-11-15</subfield>
    <subfield code="t">ej.2</subfield>
    <subfield code="w">2013-07-26</subfield>
    <subfield code="y">BK</subfield>
    <subfield code="z">COMPRA PROMED, 2DO A&#xD1;O. JULIO 2013</subfield>
  </datafield>
  <datafield tag="952" ind1=" " ind2=" ">
    <subfield code="0">0</subfield>
    <subfield code="1">0</subfield>
    <subfield code="2">ddc</subfield>
    <subfield code="4">0</subfield>
    <subfield code="7">0</subfield>
    <subfield code="a">BFM</subfield>
    <subfield code="b">BFM</subfield>
    <subfield code="c">CR</subfield>
    <subfield code="d">2013-07-26</subfield>
    <subfield code="g">370.00</subfield>
    <subfield code="l">13</subfield>
    <subfield code="m">5</subfield>
    <subfield code="o">616.025 8 BRA</subfield>
    <subfield code="p">3048</subfield>
    <subfield code="r">2019-10-07</subfield>
    <subfield code="s">2019-09-25</subfield>
    <subfield code="t">ej.3</subfield>
    <subfield code="w">2013-07-26</subfield>
    <subfield code="y">BK</subfield>
    <subfield code="z">COMPRA PROMED, 2DO A&#xD1;O. JULIO 2013</subfield>
  </datafield>
</record>
